[Event "Wch Seniors 50 29th"]
[Site "Bucharest"]
[Date "2019.11.16"]
[Round "5"]
[White "Grishchenko, Mihail"]
[Black "Farrell, Neil"]
[Result "0-1"]
[WhiteElo "1930"]
[BlackElo "2171"]
[PlyCount "63"]
[EventDate "2019.11.12"]
[EventType "swiss"]
[EventRounds "11"]
[EventCountry "ROU"]
[SourceTitle "CBM 193 Extra"]
[Source "ChessBase"]
[SourceDate "2020.01.31"]
[SourceVersion "1"]
[SourceVersionDate "2020.01.31"]
[SourceQuality "1"]

1. e4 e6 2. d4 d5 3. Nd2 Nf6 4. e5 Nfd7 5. c4 c5 6. cxd5 exd5 7. Qf3 Nc6 8. Qxd5 Nxd4 9. Bd3 Qa5 10. e6 Nxe6 11. Ngf3 Nf6 12. Qb3 Qc7 13. 0-0 Be7 14. Ne4 0-0 15. Re1 Nxe4 16. Rxe4 Bd7 17. Be3 b5 18. Rc1 c4 19. Qc2 Qd6 20. Rxe6 Qxe6 21. Bxh7+ Kh8 22. Be4 Bc6 23. Bf5 Qd6 24. Rd1 Qc7 25. Nd4 Rad8 26. Qe2 g6 27. Re1 Bf6 28. Qg4 Rfe8 29. Bxg6 fxg6 30. Ne6 Qd7 31. Qh3+ Kg8 32. f4 0-1

[Event "Krakow op-B 29th"]
[Site "Krakow"]
[Date "2019.01.02"]
[Round "7"]
[White "Goraj, Barbara"]
[Black "Grishchenko, Mihail"]
[Result "1/2-1/2"]
[WhiteElo "1786"]
[BlackElo "1936"]
[PlyCount "140"]
[EventDate "2018.12.27"]
[EventType "swiss"]
[EventRounds "9"]
[EventCountry "POL"]
[SourceTitle "CBM 189 Extra"]
[Source "ChessBase"]
[SourceDate "2019.06.03"]
[SourceVersion "1"]
[SourceVersionDate "2019.06.03"]
[SourceQuality "1"]

1. e4 e6 2. d4 d5 3. Nd2 c5 4. exd5 Qxd5 5. Ngf3 cxd4 6. Bc4 Qd8 7. 0-0 Nc6 8. Nb3 Bd7 9. Nbxd4 Nxd4 10. Nxd4 Rc8 11. Qe2 Qc7 12. Bb3 Nf6 13. Re1 a6 14. Bg5 Bc5 15. Rad1 Kf8 16. Qf3 Bxd4 17. Rxd4 Bc6 18. Qd3 Re8 19. Bxf6 gxf6 20. Rh4 Rg8 21. g3 Qa5 22. Rd1 h5 23. c3 Qg5 24. Kf1 Kg7 25. Bc2 Qh6 26. Qe2 Rh8 27. Be4 Bxe4 28. Qxe4 b5 29. Qf3 Qg5 30. Kg2 f5 31. Rd7 Kg6 32. Qb7 Qf6 33. Qxa6 Ra8 34. Qxb5 Rxa2 35. Qb3 Ra1 36. Rd1 Raa8 37. Qc2 e5 38. Qe2 Qc6+ 39. Kg1 e4 40. Qd2 Ra2 41. h3 Qb6 42. Qf4 Rd8 43. Rxd8 Qxd8 44. g4 fxg4 45. Qxe4+ Kg5 46. Rxh5+ Kxh5 47. Qh7+ Kg5 48. Qg7+ Kf4 49. Qxf7+ Ke5 50. Qxa2 gxh3 51. Kh2 Qd1 52. Qa5+ Ke4 53. Qa8+ Kf5 54. Qf8+ Ke4 55. Qe7+ Kf5 56. Qh7+ Kf6 57. Qh6+ Kf7 58. Qf4+ Kg6 59. Qg3+ Kf6 60. c4 Qe2 61. b3 Qf1 62. Qf3+ Ke5 63. Qe3+ Kd6 64. Qf4+ Kc5 65. Qg3 Kb4 66. Qf3 Kc5 67. Qf8+ Kd4 68. Qd6+ Kc3 69. Qg3+ Kb4 70. Qf3 Kc5 1/2-1/2

[Event "Krakow op-B 29th"]
[Site "Krakow"]
[Date "2018.12.28"]
[Round "2"]
[White "Grishchenko, Mihail"]
[Black "Dziewonski, Dariusz"]
[Result "1/2-1/2"]
[WhiteElo "1936"]
[BlackElo "1757"]
[PlyCount "126"]
[EventDate "2018.12.27"]
[EventType "swiss"]
[EventRounds "9"]
[EventCountry "POL"]
[SourceTitle "CBM 189 Extra"]
[Source "ChessBase"]
[SourceDate "2019.06.03"]
[SourceVersion "1"]
[SourceVersionDate "2019.06.03"]
[SourceQuality "1"]

1. e4 c5 2. b3 e6 3. Bb2 Nc6 4. Nf3 Nf6 5. e5 Nd5 6. c4 Nde7 7. Nc3 Ng6 8. Nb5 b6 9. Be2 Bb7 10. Qc2 Be7 11. 0-0-0 Nb4 12. Qb1 0-0 13. a3 Nc6 14. Bd3 a6 15. Nd6 Qc7 16. h4 f5 17. Nxb7 Qxb7 18. h5 Nh8 19. Qc2 b5 20. g4 Na5 21. gxf5 bxc4 22. bxc4 exf5 23. Nh4 Nb3+ 24. Kb1 Nd4 25. Qc3 Rab8 26. f3 Qb3 27. Rc1 Rb6 28. Qxb3 Rxb3 29. Rc3 Bxh4 30. Rxh4 Rb6 31. Ka2 Nxf3 32. Rh1 Nxd2 33. Rd1 Ne4 34. Bxe4 fxe4 35. Bc1 Rf7 36. Be3 Rc6 37. Rb3 Rc7 38. Rd6 h6 39. Rxa6 Kh7 40. Rb5 Rf5 41. Rd6 Rxh5 42. Rd5 Rh3 43. Rb3 Rf3 44. Rxc5 Rxc5 45. Bxc5 Rf4 46. a4 e3 47. Bxe3 Rxc4 48. a5 Rc6 49. Bb6 Nf7 50. a6 Nxe5 51. a7 Rc8 52. Bc7 Nc6 53. Bb8 Nxa7 54. Bxa7 Ra8 55. Rb7 Rf8 56. Rxd7 Kg6 57. Bd4 Rf7 58. Rd6+ Kf5 59. Kb3 h5 60. Kc4 g5 61. Kd3 h4 62. Rd5+ Kg4 63. Be3 Rf5 1/2-1/2

[Event "Petropavlovsk Kamchatsky-ch"]
[Site "Petropavlovsk Kamchatsky"]
[Date "2010.12.13"]
[Round "2"]
[White "Grishchenko, Mihail"]
[Black "Chernih, Nikolay"]
[Result "0-1"]
[WhiteElo "2086"]
[BlackElo "2112"]
[PlyCount "92"]
[EventDate "2010.12.12"]
[EventType "swiss"]
[EventRounds "9"]
[EventCountry "RUS"]
[SourceTitle "EXT 2022"]
[Source "ChessBase"]
[SourceDate "2021.10.06"]
[SourceVersion "1"]
[SourceVersionDate "2021.10.06"]
[SourceQuality "1"]

1. d4 f5 2. Nf3 Nf6 3. e3 d6 4. Be2 c5 5. c3 Bd7 6. 0-0 Nc6 7. d5 Ne5 8. c4 Nf7 9. Qc2 g6 10. Nc3 Bh6 11. Bd3 Ne5 12. Nxe5 dxe5 13. e4 f4 14. f3 Bg7 15. Be2 g5 16. Qd1 h5 17. b3 Qc8 18. Bb2 h4 19. Rf2 h3 20. Nb5 a6 21. Na3 Nh5 22. Bf1 Bf6 23. Rc1 Rg8 24. gxh3 Bxh3 25. Bxh3 Qxh3 26. Qf1 Qh4 27. Rg2 g4 28. fxg4 f3 29. Qxf3 Nf4 30. Rg3 0-0-0 31. Rc2 Rg5 32. Bc1 Rdg8 33. h3 Rh8 34. Rh2 Rf8 35. Nc2 Bg7 36. Qc3 Rg6 37. Bd2 Rgf6 38. Bxf4 Rxf4 39. Rhg2 Rf1+ 40. Kh2 Bh6 41. g5 Bxg5 42. Ne3 R1f6 43. Qxe5 Bf4 44. Qe6+ Kb8 45. Nf5 Rxf5 46. exf5 Bxg3+ 0-1